Wordt geladen...

Kookatha Kuyil /

Bibliografische gegevens
Hoofdauteur: Nandakumar, Vt
Taal:Undetermined
Gepubliceerd in: 1955.
LEADER 00362nam a2200121Ia 4500
001 59184
008 170722s9999 xx 000 0 und d
100 |a Nandakumar, Vt 
245 |a Kookatha Kuyil / 
260 |c 1955. 
942 |c GEN 
999 |c 47020  |d 47020 
952 |0 0  |1 0  |4 0  |6 O_3231N251X_J5_KR  |7 0  |9 66080  |a LIB  |b LIB  |d 2017-08-12  |o O32,31N251x J5 KR  |p 56656  |r 2017-08-12  |w 2017-08-12  |y GEN